Pierwiastki według wskazówek #2 - Statystyki

Ogólne statystyki
  • Ten quiz został rozwiązany 12 razy
  • Średni wynik to 8 z 20
Statystyki odpowiedzi
Wskazówka Odpowiedź % Poprawnych
ma symbol Fe Żelazo
91%
dodany do wody może pomagać w zapobieganiu próchnicy Fluor
64%
najczęściej występujący pierwiastek w skorupie ziemskiej Tlen
64%
ma najwyższy stosunek wytrzymałości do masy spośród wszystkich metali Tytan
64%
jego tlenek nazywany jest potocznie czadem Węgiel
64%
5. pierwiastek w układzie okresowym Bor
55%
po raz pierwszy otrzymany przez Marię Skłodowską-Curie i jego męża - jego nazwa pochodzi od państwa, z którego Skłodowska-Curie pochodziła Polon
55%
były nim wypełniane zeppeliny Wodór
55%
głównie z niego jest zbudowana Statua Wolności Miedź
45%
jeden z dwóch pierwiastków nazwanych na cześć w stanu USA (nazwij dowolny) Kaliforn | Tenes
36%
był głównym składnikiem większości samolotów podczas II wojny światowej Glin
36%
najbardziej reaktywny gaz szlachetny* Ksenon
36%
po raz pierwszy otrzymany w 1940 r. i zaledwie 5 lat później został użyty w celach wybuchowych Pluton
27%
wykonane są z niego żarniki żarówek Wolfram
27%
poza gazami szlachetnymi, najmniej reaktywny pierwiastek Złoto
27%
kopalnie często wyposażają się w detektory, aby zapobiec narażeniu na ten radioaktywny gaz Radon
18%
związek tego pierwiastka jest substancją czynną w leku Pepto-Bismol Bizmut
9%
używany jako gaz bojowy (trujący) podczas I wojny światowej Chlor
9%
ma najwyższą liczbę atomową spośród wszystkich stabilnych pierwiastków Ołów
9%
stosowany w leczeniu choroby afektywnej dwubiegunowej Lit
0%
Nie znaleziono quizów pasujących do podanych kryteriów
Rozkład punktacji
Procent ludzi z każdym wynikiem
Percentyl według liczby udzielonych odpowiedzi
Twoja historia wyników
Nie rozwiązałeś tego quizu